Biochemistry and molecular biology

The book covers topics of current special interest as well as more traditional areas in biochemistry. There is an emphasis on biological aspects of biochemistry. As well as presenting core material on the structure of proteins and membranes, metabolism, and information storage and utilization, it al...

全面介紹

Đã lưu trong:
書目詳細資料
主要作者: William H Elliott
格式: 圖書
語言:Undetermined
出版: Oxford Oxford Univ. Press 1997
主題:
標簽: 添加標簽
沒有標簽, 成為第一個標記此記錄!
Thư viện lưu trữ: Trung tâm Học liệu Trường Đại học Cần Thơ
LEADER 01000nam a2200205Ia 4500
001 CTU_37650
008 210402s9999 xx 000 0 und d
082 |a 572.8 
082 |b E46 
100 |a William H Elliott 
245 0 |a Biochemistry and molecular biology 
245 0 |c William H Elliott, Daphne C Elliott 
260 |a Oxford 
260 |b Oxford Univ. Press 
260 |c 1997 
520 |a The book covers topics of current special interest as well as more traditional areas in biochemistry. There is an emphasis on biological aspects of biochemistry. As well as presenting core material on the structure of proteins and membranes, metabolism, and information storage and utilization, it also surveys the immune system, viruses and viroids, and the disparate enzymic protective mechanisms in the body. 
526 |a Di truyền phân tử vi sinh vật 
526 |b CSV604 
650 |a biochemistry,molecular biology 
980 |a Trung tâm Học liệu Trường Đại học Cần Thơ